| 000 | 00544nam a22001695i 4500 | ||
|---|---|---|---|
| 001 | 172284 | ||
| 003 | ES-MaACL | ||
| 005 | 20230906214849.0 | ||
| 008 | 090623s2008 sp |||| | spa d | ||
| 020 | _a978-84-612-8533-4 | ||
| 080 | _a821.134.2-14"19" | ||
| 100 | 1 |
_aGarcía Gontán, Virginia. _954705 |
|
| 245 | 1 | 3 |
_aEl misterio del jardín de rosas / _cVirginia García Gontán. |
| 260 |
_aMadrid : _bVirginia García Gontán, _c2008. |
||
| 300 |
_a35 h. ; _c21 cm. |
||
| 852 |
_aES-MaACL _j2251-F-15 _9R.144424 _z.- Dedicatoria autógrafa |
||
| 999 |
_c172284 _d172284 |
||